000 00745nam a2200289Ia 4500
005 20260324142939.0
008 008 260324s9999 xx 000 0 eng d
020 _a9781315486772
037 _aEBOOK
040 _aCRL
040 _beng
040 _cCRL
041 _2eng
041 _aeng
084 _qCRL
100 _aJeffrey E. Cohen
_91213824
245 4 _aThe Politics of Telecommunications Regulation: The States and the Divestiture of AT&T
245 4 _bThe States and the Divestiture of AT&T
260 _bTaylor and Francis
260 _c1993
365 _a
365 _b280
856 _uhttp://www.taylorfrancis.com/books/9781315486772
942 _cEBOOK
999 _c1818627
_d1818627